000 00695nas a2200229 4500
001 BR8002319
003 BR-BrBNA
005 20231205084306.0
007 ta
008 230509b bl.|||p| |||| 00| 00por d
040 _aBR-BrBNA
_bpor
_cBiblioteca Nacional de Agricultura
041 _a(En, Pt)
072 _aE70
100 1 _aDurao, V.S.
245 1 _aAs dificuldades atuais do mercado cafeeiro [Mercado internacional]
650 _aComercializacao
650 _aCafe
650 _aMercado internacional
773 0 _tRevista do Comercio de Cafe (Brazil)
_xISSN 0034-9224
_g(Aug 1980), v. 60(662) p. 6-11
_wBR8002319
909 _a202311
_bLúcia
_c55
_dLúcia Elande
942 _2AGRIS
_n0
_cANA
999 _c104310
_d104310